[Event "CZE-chT 1718"]
[Site "Czech Republic"]
[Date "2018.04.07"]
[Round "10.4"]
[White "Najer, Evgeniy"]
[Black "Wojtaszek, Radoslaw"]
[Result "0-1"]
[WhiteElo "2693"]
[BlackElo "2741"]
[PlyCount "114"]
[EventDate "2017.11.18"]
[EventType "team-tourn"]
[EventRounds "11"]
[EventCountry "CZE"]
[SourceTitle "EXT 2019"]
[Source "ChessBase"]
[SourceDate "2018.10.10"]
[SourceVersion "1"]
[SourceVersionDate "2018.10.10"]
[SourceQuality "1"]
[WhiteTeam "Lysa nad Labem"]
[BlackTeam "Novoborsky"]
[WhiteTeamCountry "CZE"]
[BlackTeamCountry "CZE"]

1. e4 c5 2. Nf3 d6 3. d4 cxd4 4. Nxd4 Nf6 5. Nc3 a6 6. Bg5 e6 7. f4 h6 8. Bh4
Qb6 9. a3 Be7 10. Bf2 Qc7 11. Bd3 e5 12. Nde2 b5 13. Qd2 Nbd7 14. O-O-O Rb8 15.
h3 b4 16. axb4 Rxb4 17. g4 Nc5 18. Bxc5 dxc5 19. g5 hxg5 20. fxg5 Qa5 21. Kb1
Be6 22. Nc1 Nd7 23. N3a2 Ra4 24. Qxa5 Rxa5 25. h4 c4 26. Be2 Nb6 27. Nc3 O-O
28. Bf1 Rb8 29. Bh3 Ba3 30. b3 Bxc1 31. Bxe6 Be3 32. Nd5 Na4 33. Nxe3 Nc3+ 34.
Kb2 Nxd1+ 35. Rxd1 fxe6 36. Nxc4 Rc5 37. Ka3 Kf7 38. Rd6 Kg6 39. Rxa6 Kh5 40.
Rxe6 Kxh4 41. g6 Kg5 42. Ka4 Kf4 43. Re7 Kxe4 44. Rxg7 Kf5 45. Ne3+ Kf4 46. Nc4
Kg5 47. Ra7 Kxg6 48. Ra5 Rxa5+ 49. Kxa5 e4 50. b4 Rc8 51. Ne3 Rc3 52. Nd5 Rxc2
53. b5 Kf7 54. Nb4 Rc5 55. Ka6 Rc4 56. Nd5 Ke6 57. Ne3 Rc3 0-1